|
|
|
|
| LEADER |
00000nas a2200000 a 4500 |
| 001 |
ssj0004997 |
| 003 |
WaSeSS |
| 005 |
20200512172242.0 |
| 006 |
m d |
| 007 |
cr n |
| 008 |
820503c19819999iaumr p s 0 a0eng c |
| 010 |
|
|
|a sn 82002491
|
| 016 |
7 |
|
|a 9884904
|2 DNLM
|
| 016 |
7 |
|
|a SR0068727
|2 DNLM
|
| 022 |
|
|
|l 0744-5121
|y 0744-5121
|
| 032 |
|
|
|a 670530
|b USPS
|
| 035 |
|
|
|a (WaSeSS)ssj0004997
|
| 037 |
|
|
|b Shape Magazine, Inc., 21100 Erwin St., Woodland Hills, CA 91367
|
| 040 |
|
|
|a NSD
|b eng
|c NSD
|d OCL
|d NST
|d OCL
|d NST
|d DLC
|d NSD
|d HUL
|d NLM
|d IUL
|d OCLCQ
|d CUI
|d DLC
|d OCLCQ
|d OCLCF
|d UPM
|d QT4
|d EUW
|d OCLCQ
|d T3H
|d DLC
|d TPA
|d OCLCO
|d OCLCA
|d WaSeSS
|
| 042 |
|
|
|a pcc
|a nsdp
|
| 050 |
1 |
4 |
|a RA778.A1
|b S53
|
| 130 |
0 |
|
|a Shape (Woodland Hills, Calif.)
|
| 210 |
0 |
|
|a Shape
|b (Woodl. Hills Calif.)
|
| 222 |
|
0 |
|a Shape
|b (Woodland Hills, Calif.)
|
| 245 |
1 |
0 |
|a Shape
|h [electronic resource].
|
| 246 |
1 |
3 |
|a Shape magazine
|
| 246 |
1 |
4 |
|a Joe Weider's shape
|f <Oct. 1998->
|
| 260 |
|
|
|a Woodland Hills, CA :
|b Shape Magazine, Inc.
|
| 260 |
3 |
|
|3 <2015->
|a Des Moines, IA :
|b Meredith Corporation
|
| 310 |
|
|
|a Monthly
|
| 362 |
1 |
|
|a Began in 1981.
|
| 500 |
|
|
|a Has companion publication called: Shape cooks.
|
| 500 |
|
|
|a Published by: Weider Publications, <Oct. 1998->
|
| 506 |
|
|
|a License restrictions may limit access.
|
| 580 |
|
|
|a Also issued in German under the same title.
|
| 580 |
|
|
|a Absorbed: Fitness (New York, N.Y.), May 2015.
|
| 588 |
|
|
|a Description based on: Vol. 1, no. 3 (Dec. 1981); title from cover.
|
| 588 |
|
|
|a Latest issue consulted: Vol. 34, no. 8 (May 2015).
|
| 650 |
|
0 |
|a Physical fitness for women
|v Periodicals.
|
| 650 |
|
0 |
|a Women
|x Mental health
|v Periodicals.
|
| 650 |
|
7 |
|a Physical fitness for women.
|2 fast
|0 (OCoLC)fst01062638
|
| 650 |
|
7 |
|a Women
|x Mental health.
|2 fast
|0 (OCoLC)fst01176848
|
| 650 |
|
2 |
|a Physical Fitness
|x women.
|
| 650 |
|
2 |
|a Mental Health
|x women.
|
| 655 |
|
0 |
|a Electronic journals.
|
| 775 |
1 |
|
|t Shape (Zug. Deutsche Ausg.)
|x 1422-9188
|
| 780 |
1 |
5 |
|t Fitness (New York, N.Y.)
|g May 2015
|x 1060-9237
|w (DLC) 94664034
|w (OCoLC)25111221
|
| 787 |
1 |
|
|t Shape cooks
|w (OCoLC)35835191
|w (DLC) 96642316
|w (OCoLC)35835191
|
| 787 |
0 |
|
|t Shape summer flat belly special
|x 2471-9331
|w (DLC) 2016200465
|w (OCoLC)946647858
|
| 850 |
|
|
|a CoFS
|a IC
|a NN
|
| 853 |
2 |
0 |
|8 1
|a v.
|b no.
|u 12
|v r
|i (year)
|j (month)
|w m
|x 09
|
| 856 |
4 |
0 |
|z Full text available from Research Library: 10/01/1997 to 01/31/2018
|u https://search.proquest.com/publication/26562
|
| 863 |
4 |
1 |
|8 1.1
|a <1>
|b <3>
|i <1981>
|j <12>
|